Воинский устав

RUSMARC
00004847cmc2a2200000#x 450
0013ffb23a0-51b6-44df-9765-de8bba682f4e
00520260331135135.0
100##$a20151127l17161716k l0rusy0189 ca
1010#$arus
102##$aRU
2001#$aВоинский устав
$ecписок
$j30 марта 1716 г.
251##$cДело
300##$aРукописный текст. Чернила
801#0$aRU
$bРГИА
$c20151127
801#1$aRU
$bГлавНИВЦ
$c20151127
$2rusmarc
801#2$aRU
$bПБ им. Б.Н. Ельцина
$c20171113
$gRCR
$2rusmarc
850##$aФедеральное казенное учреждение "Российский государственный исторический архив"
852##$aРГИА
$j147
937##$hРГИА
$d12148231
$aASBIBLIO_SCAN
462#0$1001cc236dc6-253d-4e80-b0df-11a710bc65d9
$12001
$aАрхив князей Васильчиковых. 1716-1915 гг.
$vД. 147
$1251
$cОпись
$1852
$j2
461#0$1001f72a1ecb-9a9a-44e3-87ff-4a647e6521fe
$12001
$aВасильчиковы, князья
$1251
$cФонд
$1852
$j651
215##$a41 лист
$d36,5х26 см
371##$aДокумент не является опубликованным и широко распространяемым
105##$ay###
1220#$ad17160330##
035##$a3ffb23a0-51b6-44df-9765-de8bba682f4e
856##$uhttp://readingroom.main.prlib.ru/item.aspx?id_node=n108925443&mode=full
60101$aРоссия
$bАрмия
$xИстория
$z18 в.
$jДокументы и материалы
$2nlr_sh
$3RU\NLR\AUTH\661520711
604##$150010
$2prlib_sh
$3DITM\AF\0000003046
$aУстав воинский
$k1716
$171001
$aРоссия
605##$2acquisition_Prlib
$3LIBNET\UAF\0000072769
$aВооруженные силы России
$lколлекция
605##$aВласть
$lколлекция
$2acquisition_Prlib
$3DITM\AF\0000002775
686##$2rubbk
$a63.3(2)511-35ю11
$vLBC/M
Формат отображения